| 000 | 02850nam a22003497a 4500 | ||
|---|---|---|---|
| 001 | 44065 | ||
| 003 | BD-RjUL | ||
| 005 | 20211209053808.0 | ||
| 008 | 160713m19751974bg ||||| |||| 00| 0 ben d | ||
| 020 | _c: Tk.33.00 (V-1) | ||
| 020 | _c: Tk.28.00 (V-2) | ||
| 035 | _a(BD-RjUL)44183 | ||
| 040 |
_aBD-RjUL _bben _cBD-RjUL |
||
| 041 | _aben | ||
| 082 |
_223 _a297.63 _bNOS V-1-2 1974-1975 |
||
| 100 | 1 |
_aনো'মানী, আল্লামা শিবলী _9135328 |
|
| 245 | 1 | 0 |
_aসীরাতুন্ নবী : _b[ছাল্লাল্লাহু আলাইহে ওয়া ছাল্লাম] / _cআল্লামা শিবলী নোমানী ; অনুবাদকমণ্ডলী: খালেদ ছাইফুল্লাহ ছিদ্দিকী ... [ এবং অন্যান্য ] ; সম্পাদনা: মুহিউদ্দীন খান [১ম খণ্ড] ; আল্লামা শিবলী নোমানী (রহঃ) ও সৈয়দ সোলায়মান নদভী (রহঃ) ; প্রধান অনুবাদক: মুহিউদ্দীন খান ; সহযোগী মণ্ডলী: আবদুল আযীয, মোহাম্মদ মোরশেদ আলম ও সৈয়দ শিবলী ফোরক্কানী [২য় খণ্ড] |
| 260 |
_aঢাকা : _bপ্যারাডাইজ লাইব্রেরী, _c১৯৭৫ |
||
| 300 |
_a খণ্ড ; _c২৫ সেমি. |
||
| 505 | 0 | _aখণ্ড ১ -- খণ্ড ২ -- | |
| 600 |
_aহযরত মুহাম্মাদ (সঃ), _d৫৭০-৬৩২ _xজীবনী _9237022 |
||
| 600 |
_aHazrat Muhammad (SM) _xBiography _9237023 |
||
| 600 |
_aMuhammad (sm:), Hazarat, _d570-632 _9237024 |
||
| 700 |
_aনদভী, সৈয়দ সোলায়মান, যুগ্ম লেখক, [২য় খণ্ড] _9237025 |
||
| 700 |
_aখান, মুহিউদ্দীন, প্রধান অনুবাদক, [২য় খণ্ড] _9237026 |
||
| 700 |
_aআযীয, আবদুল, যুগ্ম অনুবাদক, [২য় খণ্ড] _9124760 |
||
| 700 |
_a আলম, মোহাম্মদ মোরশেদ, যুগ্ম অনুবাদক, [২য় খণ্ড] _9237027 |
||
| 700 |
_aফোরক্কানী, সৈয়দ,শিবলী, যুগ্ম অনুবাদক, [২য় খণ্ড] _9236974 |
||
| 700 |
_aছিদ্দিকী, খালেদ ছাইফুল্লাহ ... [ এবং অন্যান্য ], অনুবাদকমণ্ডলী, [১ম খণ্ড] _9237028 |
||
| 700 |
_aখান, মুহিউদ্দীন, সম্পাদক [১ম খণ্ড] _9237029 |
||
| 942 |
_2ddc _cBK |
||
| 999 |
_c44065 _d44065 |
||